Long-run Elasticity of Substitution
Odhad dlhodobej elasticity substitúcie použitím odhadovanej kointegrovanej formy príjmu. Dlhodobá produkčná funkcia USA v tvare Cobb-Douglasovej produkčnej funkcie.
Salvato in:
| Autore principale: | |
|---|---|
| Altri autori: | , |
| Natura: | Capitolo di libro |
| Lingua: | inglese |
| Soggetti: | |
| Tags: |
Nessun Tag, puoi essere il primo ad aggiungerne!!
|
MARC
| LEADER | 00000nla a2200000 4500 | ||
|---|---|---|---|
| 001 | 0208156 | ||
| 005 | 20240502083520.4 | ||
| 041 | 0 | |a eng | |
| 044 | |a CZ | ||
| 245 | 1 | 0 | |a Long-run Elasticity of Substitution |c Karol Szomolányi, Martin Lukáčik, Adriana Lukáčiková |
| 520 | |a Odhad dlhodobej elasticity substitúcie použitím odhadovanej kointegrovanej formy príjmu. Dlhodobá produkčná funkcia USA v tvare Cobb-Douglasovej produkčnej funkcie. | ||
| 610 | 2 | 0 | |a pružnosť substitúcie |
| 610 | 2 | 0 | |a substitúcia |
| 610 | 2 | 0 | |a funkcie produkčné |
| 610 | 2 | 0 | |a práca |
| 610 | 2 | 0 | |a kapitál |
| 100 | 1 | |a Szomolányi, Karol, 1976- | |
| 700 | 1 | |a Lukáčik, Martin, 1974- | |
| 700 | 1 | |a Lukáčiková, Adriana, 1971- | |